00317nam a2200121Ia 4500008004100000041000800041082001400049100002100063245004500084260003200129300002700161365000700188240624s9999 xx 000 0 und d aeng a658.5 LEW aLEWTHWAITE JULIE aEVERYTHING YOU NEED TO KNOW ABOUT OPERAT c2004aNew DelhibViva Books aviii, : 722 : cm. ; 23 cRS